[Event "COL-ch sf 2nd"]
[Site "Tunja"]
[Date "2018.04.22"]
[Round "10"]
[White "Otero Fajardo, Alvaro Antonio"]
[Black "Sanchez Huertas, Jorge Alfonso"]
[Result "0-1"]
[WhiteElo "1667"]
[BlackElo "1594"]
[PlyCount "52"]
[EventDate "2018.04.17"]
[EventType "swiss"]
[EventRounds "10"]
[EventCountry "COL"]
[SourceTitle "CBM 184 Extra"]
[Source "ChessBase"]
[SourceDate "2018.06.28"]
[SourceVersion "1"]
[SourceVersionDate "2018.06.28"]
[SourceQuality "1"]

1. e4 e5 2. Nf3 d6 3. d4 exd4 4. Nxd4 c5 5. Nb3 Be7 6. Nc3 Be6 7. Be3 Nd7 8. f4 Bf6 9. Be2 Bxc3+ 10. bxc3 Ngf6 11. Nd2 Qa5 12. Kf2 Nb6 13. f5 Bd7 14. Bf4 Qxc3 15. Bxd6 Qd4+ 16. Kf3 Qxd6 17. Bd3 Qe5 18. Re1 Bc6 19. Nb3 c4 20. Qe2 cxd3 21. cxd3 Qxf5+ 22. Ke3 Ng4+ 23. Kd2 Qf4+ 24. Kc2 0-0-0 25. Rac1 Rhe8 26. Kb1 Rd6 0-1

[Event "COL-ch sf 2nd"]
[Site "Tunja"]
[Date "2018.04.21"]
[Round "8"]
[White "Otero Fajardo, Alvaro Antonio"]
[Black "Vizcaino Castillo, Andrea Carolina"]
[Result "0-1"]
[WhiteElo "1667"]
[BlackElo "1600"]
[PlyCount "44"]
[EventDate "2018.04.17"]
[EventType "swiss"]
[EventRounds "10"]
[EventCountry "COL"]
[SourceTitle "CBM 184 Extra"]
[Source "ChessBase"]
[SourceDate "2018.06.28"]
[SourceVersion "1"]
[SourceVersionDate "2018.06.28"]
[SourceQuality "1"]

1. e4 e5 2. Nf3 Nc6 3. Bc4 Bc5 4. 0-0 Nf6 5. d3 h6 6. h3 d6 7. a3 Be6 8. Bxe6 fxe6 9. c3 0-0 10. b4 Bb6 11. a4 a5 12. b5 Ne7 13. Nbd2 Ng6 14. g3 Qe8 15. Ba3 Nh5 16. Kg2 Ne7 17. Qb3 Qg6 18. Kh2 Bxf2 19. Rxf2 Qxg3+ 20. Kh1 Qxf2 21. Qxe6+ Rf7 22. Rg1 Ng3+ 0-1

[Event "COL-chT"]
[Site "Ibague"]
[Date "2017.07.21"]
[Round "5.3"]
[White "Otero Fajardo, Alvaro Antonio"]
[Black "Herrera Cortes, Luis Felipe"]
[Result "0-1"]
[WhiteElo "1695"]
[BlackElo "1374"]
[PlyCount "61"]
[EventDate "2017.07.19"]
[EventType "team-swiss"]
[EventRounds "6"]
[EventCountry "COL"]
[SourceTitle "CBM 179 Extra"]
[Source "ChessBase"]
[SourceDate "2017.08.23"]
[SourceVersion "1"]
[SourceVersionDate "2017.08.23"]
[SourceQuality "1"]
[WhiteTeam "San Andres"]
[BlackTeam "Tolima IV"]
[WhiteTeamCountry "COL"]
[BlackTeamCountry "COL"]

1. e4 c5 2. Nf3 Nc6 3. Nc3 e6 4. d4 cxd4 5. Nxd4 Qb6 6. Nb3 Be7 7. Be2 Nf6 8. Be3 Qd8 9. 0-0 a6 10. f4 d6 11. Bf3 h5 12. h3 Nd7 13. Bxh5 Bh4 14. Bf3 Bg3 15. Ne2 Qh4 16. Nxg3 Qxg3 17. Qxd6 Rxh3 18. Rfe1 g5 19. Bf2 Qh2+ 20. Kf1 Rh7 21. Rad1 Qxf4 22. Qa3 g4 23. Re3 gxf3 24. gxf3 Rh1+ 25. Ke2 Rxd1 26. Kxd1 b5 27. Nd2 Nce5 28. Qd6 Ng6 29. Qd4 Qe5 30. Qxe5 Ndxe5 31. b3 0-1

[Event "COL-ch"]
[Site "Quibdo"]
[Date "2015.11.13"]
[Round "6"]
[White "Otero Fajardo, Alvaro Antonio"]
[Black "Leano Amezquita, Humberto"]
[Result "0-1"]
[WhiteElo "1739"]
[BlackElo "1888"]
[PlyCount "84"]
[EventDate "2015.11.10"]
[EventType "swiss"]
[EventRounds "9"]
[EventCountry "COL"]
[SourceTitle "CBM 169 Extra"]
[Source "ChessBase"]
[SourceDate "2015.12.18"]
[SourceVersion "1"]
[SourceVersionDate "2015.12.18"]
[SourceQuality "1"]

1. d4 Nf6 2. c4 c5 3. d5 e5 4. Nc3 d6 5. e4 Be7 6. Bd3 Nbd7 7. Nge2 Nf8 8. f4 exf4 9. Nxf4 Ng6 10. 0-0 Ng4 11. h3 N4e5 12. Be2 0-0 13. Bd2 a6 14. a4 b6 15. Ra3 Rb8 16. Qc2 Re8 17. Kh2 Nxf4 18. Bxf4 Ng6 19. Bg3 Bh4 20. Nd1 Qe7 21. Re3 Bxg3+ 22. Kxg3 Qe5+ 23. Kf2 Qd4 24. Bf3 Rb7 25. Kg1 f5 26. Kh1 f4 27. Ree1 Ne5 28. b3 Ng6 29. Kh2 Qf6 30. Nc3 Ne5 31. Ne2 Rf8 32. Qd2 Qh4 33. Rd1 a5 34. Qe1 Qh6 35. Nc3 g5 36. Kg1 Rg7 37. Nb5 g4 38. hxg4 Bxg4 39. Bxg4 Nxg4 40. Rf2 f3 41. Rxf3 Qh2+ 42. Kf1 Qh1+ 0-1

[Event "Mosquera op"]
[Site "Mosquera"]
[Date "2014.11.02"]
[Round "6"]
[White "Otero Fajardo, Alvaro Antonio"]
[Black "Leon, Gustavo"]
[Result "0-1"]
[WhiteElo "1795"]
[BlackElo "1834"]
[PlyCount "42"]
[EventDate "2014.10.30"]
[EventType "swiss"]
[EventRounds "9"]
[EventCountry "COL"]
[SourceTitle "EXT 2015"]
[Source "ChessBase"]
[SourceDate "2014.11.20"]
[SourceVersion "1"]
[SourceVersionDate "2014.11.20"]
[SourceQuality "1"]

1. e4 Nf6 2. e5 Nd5 3. c4 Nb6 4. d4 d6 5. f4 g5 6. fxg5 Bg7 7. Nf3 Nc6 8. Bf4 Bf5 9. a3 dxe5 10. dxe5 Qxd1+ 11. Kxd1 0-0-0+ 12. Kc1 Nd4 13. Nbd2 Rd7 14. b3 Rhd8 15. Kb2 f6 16. exf6 exf6 17. Ka2 Nxf3 18. Nxf3 fxg5 19. Be5 Rd2+ 20. Nxd2 Rxd2+ 21. Bb2 Rxb2# 0-1

[Event "Mosquera op"]
[Site "Mosquera"]
[Date "2014.11.01"]
[Round "5"]
[White "Castro, Lennin David"]
[Black "Otero Fajardo, Alvaro Antonio"]
[Result "1-0"]
[WhiteElo "2016"]
[BlackElo "1795"]
[PlyCount "85"]
[EventDate "2014.10.30"]
[EventType "swiss"]
[EventRounds "9"]
[EventCountry "COL"]
[SourceTitle "EXT 2015"]
[Source "ChessBase"]
[SourceDate "2014.11.20"]
[SourceVersion "1"]
[SourceVersionDate "2014.11.20"]
[SourceQuality "1"]

1. d4 Nf6 2. c4 e6 3. Nf3 Be7 4. g3 c6 5. Bg2 d5 6. c5 Nbd7 7. b4 a5 8. Qa4 Ne4 9. b5 cxb5 10. Qxb5 0-0 11. Nfd2 Bf6 12. Nxe4 dxe4 13. Bb2 a4 14. Bc3 Qc7 15. Bxe4 e5 16. e3 exd4 17. exd4 Re8 18. Qd3 g6 19. 0-0 Bg7 20. Bg2 Nf6 21. Nd2 Bf5 22. Qb5 Ne4 23. Nxe4 Bxe4 24. Bxe4 Rxe4 25. Rfe1 Rxe1+ 26. Rxe1 Qc6 27. Rb1 Rd8 28. Qxc6 bxc6 29. Rb4 a3 30. Kf1 h5 31. Ke2 Re8+ 32. Kd3 Bh6 33. Bd2 Bxd2 34. Kxd2 Re4 35. f3 Re7 36. Ra4 Rb7 37. Rxa3 Rb2+ 38. Kd3 Rxh2 39. d5 h4 40. gxh4 Rxh4 41. dxc6 Kg7 42. Ra8 Rh5 43. c7 1-0

[Event "Mosquera op"]
[Site "Mosquera"]
[Date "2014.11.01"]
[Round "4"]
[White "Otero Fajardo, Alvaro Antonio"]
[Black "Manuel Mestras, Nelson"]
[Result "1/2-1/2"]
[WhiteElo "1795"]
[BlackElo "1674"]
[PlyCount "41"]
[EventDate "2014.10.30"]
[EventType "swiss"]
[EventRounds "9"]
[EventCountry "COL"]
[SourceTitle "EXT 2015"]
[Source "ChessBase"]
[SourceDate "2014.11.20"]
[SourceVersion "1"]
[SourceVersionDate "2014.11.20"]
[SourceQuality "1"]

1. d4 Nf6 2. c4 d5 3. Nc3 c6 4. e3 e6 5. Bd3 Be7 6. Nf3 c5 7. 0-0 cxd4 8. exd4 Nc6 9. a3 dxc4 10. Bxc4 b6 11. Re1 Bb7 12. d5 exd5 13. Nxd5 Nxd5 14. Bxd5 0-0 15. Bf4 Bf6 16. Ne5 Bxe5 17. Rxe5 Nxe5 18. Bxb7 Ng6 19. Bd6 Re8 20. Bxa8 Qxa8 21. Qb3 1/2-1/2

[Event "COL-ch"]
[Site "Ibague"]
[Date "2013.07.03"]
[Round "4"]
[White "Barros, Raul"]
[Black "Otero Fajardo, Alvaro Antonio"]
[Result "1-0"]
[WhiteElo "2019"]
[BlackElo "1794"]
[PlyCount "65"]
[EventDate "2013.07.01"]
[EventType "swiss"]
[EventRounds "11"]
[EventCountry "COL"]
[SourceTitle "EXT 2014"]
[Source "ChessBase"]
[SourceDate "2013.11.20"]
[SourceVersion "1"]
[SourceVersionDate "2013.11.20"]
[SourceQuality "1"]

1. e4 c5 2. Nf3 d6 3. d4 cxd4 4. Nxd4 Nf6 5. Nc3 e6 6. Be2 Be7 7. 0-0 a6 8. Kh1 0-0 9. f4 Qc7 10. Bf3 Bd7 11. Be3 Nc6 12. Qe1 Rac8 13. Rd1 b5 14. a3 Na5 15. Qg3 Nc4 16. Bc1 Nxa3 17. e5 Ne8 18. Nd5 exd5 19. bxa3 dxe5 20. fxe5 Be6 21. Be2 Qd8 22. Bd3 g6 23. Nxe6 fxe6 24. Bxg6 hxg6 25. Qxg6+ Ng7 26. Bh6 Rxf1+ 27. Rxf1 Bf8 28. Bxg7 Bxg7 29. Rf7 Qf8 30. Rxf8+ Rxf8 31. Qxe6+ Kh7 32. g3 d4 33. Kg2 1-0

[Event "COL-ch"]
[Site "Ibague"]
[Date "2013.07.03"]
[Round "5"]
[White "Otero Fajardo, Alvaro Antonio"]
[Black "Perez Lombana, Kevin Esteban"]
[Result "1-0"]
[WhiteElo "1794"]
[BlackElo "1439"]
[PlyCount "61"]
[EventDate "2013.07.01"]
[EventType "swiss"]
[EventRounds "11"]
[EventCountry "COL"]
[SourceTitle "EXT 2014"]
[Source "ChessBase"]
[SourceDate "2013.11.20"]
[SourceVersion "1"]
[SourceVersionDate "2013.11.20"]
[SourceQuality "1"]

1. e4 c5 2. Nf3 d6 3. d4 cxd4 4. Nxd4 Nf6 5. Nc3 a6 6. a4 e5 7. Nb3 Be7 8. Be2 0-0 9. 0-0 Nc6 10. Be3 Be6 11. f4 exf4 12. Rxf4 d5 13. a5 Bd6 14. Bb6 Bc7 15. Bxc7 Qxc7 16. Rxf6 gxf6 17. exd5 Rad8 18. Bd3 Bxd5 19. Qg4+ Kh8 20. Qh5 f5 21. Qxf5 Kg7 22. Nxd5 Rxd5 23. Qxd5 Rd8 24. Qg5+ Kf8 25. Re1 Ne7 26. Qh6+ Ke8 27. Bxh7 Rd6 28. Qg7 Kd8 29. Qxf7 Kc8 30. Qxe7 Rd7 31. Bf5 1-0

[Event "COL-ch Amateur"]
[Site "San Andres Islas"]
[Date "2013.03.16"]
[Round "7"]
[White "Otero Fajardo, Alvaro Antonio"]
[Black "Corpus, Eugenio"]
[Result "0-1"]
[WhiteElo "1794"]
[BlackElo "1848"]
[PlyCount "42"]
[EventDate "2013.03.13"]
[EventType "swiss"]
[EventRounds "9"]
[EventCountry "COL"]
[SourceTitle "CBM 153 Extra"]
[Source "ChessBase"]
[SourceDate "2013.04.22"]
[SourceVersion "1"]
[SourceVersionDate "2013.04.22"]
[SourceQuality "1"]

1. e4 e5 2. Nf3 Nf6 3. Nc3 Nc6 4. d4 exd4 5. Nxd4 Bb4 6. f3 0-0 7. Be2 d5 8. Nxc6 bxc6 9. e5 d4 10. exf6 Qxf6 11. 0-0 dxc3 12. bxc3 Bxc3 13. Rb1 Rd8 14. Bd3 Bf5 15. Be3 Bd4 16. Qc1 Re8 17. Re1 Rxe3 18. Rxe3 Bxd3 19. cxd3 Qe6 20. Kf1 Qxe3 21. Qxe3 Bxe3 0-1

[Event "COL-ch Amateur"]
[Site "San Andres Islas"]
[Date "2013.03.13"]
[Round "1"]
[White "Otero Fajardo, Alvaro Antonio"]
[Black "Guarin, Daniela"]
[Result "0-1"]
[WhiteElo "1794"]
[BlackElo "1979"]
[PlyCount "118"]
[EventDate "2013.03.13"]
[EventType "swiss"]
[EventRounds "9"]
[EventCountry "COL"]
[SourceTitle "CBM 153 Extra"]
[Source "ChessBase"]
[SourceDate "2013.04.22"]
[SourceVersion "1"]
[SourceVersionDate "2013.04.22"]
[SourceQuality "1"]

1. e4 d5 2. exd5 Qxd5 3. Nc3 Qa5 4. d4 Nf6 5. Nf3 Bf5 6. Bd2 c6 7. Ne4 Qc7 8. Nxf6+ exf6 9. Be2 Bd6 10. 0-0 Nd7 11. Re1 0-0 12. Rc1 Rfe8 13. g3 Nf8 14. c4 Qd7 15. Bc3 Ng6 16. c5 Bc7 17. Bc4 Be4 18. Nd2 Bd5 19. Qb3 Nf4 20. Bxd5 Nxd5 21. Qxb7 a5 22. Qb3 Qh3 23. Qc4 f5 24. Qf1 Qg4 25. Rxe8+ Rxe8 26. Re1 Rb8 27. a3 h5 28. Qe2 Qg6 29. Nf3 Nf4 30. Qf1 f6 31. Kh1 Qg4 32. Ng1 Nd5 33. Qa6 h4 34. Qxc6 Rd8 35. Re8+ Rxe8 36. Qxe8+ Kh7 37. Qe6 hxg3 38. fxg3 Qe4+ 39. Qxe4 fxe4 40. Ne2 f5 41. Kg2 g5 42. Bd2 f4 43. gxf4 gxf4 44. Nc3 f3+ 45. Kf2 Nxc3 46. Bxc3 Kg6 47. Bd2 a4 48. d5 Bxh2 49. d6 Kf6 50. Be3 Ke6 51. Ke1 Be5 52. Bc1 Bd4 53. Kd1 Bxc5 54. Bf4 Bxd6 55. Be3 Kd5 56. Kd2 Bc5 57. Bxc5 Kxc5 58. Ke3 Kc4 59. Kd2 Kb3 0-1

[Event "Pan American-ch"]
[Site "Cartagena"]
[Date "2012.09.08"]
[Round "9"]
[White "Moreno Negrete, Emmanuel"]
[Black "Otero Fajardo, Alvaro Antonio"]
[Result "0-1"]
[WhiteElo "1648"]
[BlackElo "1794"]
[PlyCount "57"]
[EventDate "2012.07.04"]
[EventType "swiss"]
[EventRounds "9"]
[EventCountry "COL"]
[SourceTitle "CBM 149 Extra"]
[Source "ChessBase"]
[SourceDate "2012.08.24"]
[SourceVersion "1"]
[SourceVersionDate "2012.08.24"]
[SourceQuality "1"]

1. e4 e5 2. Nf3 Nc6 3. Bb5 d6 4. d4 exd4 5. Nxd4 Bd7 6. Nxc6 bxc6 7. Bc4 Nf6 8. Nc3 Be7 9. 0-0 0-0 10. Re1 Re8 11. b3 Bf8 12. Bf1 d5 13. exd5 Rxe1 14. Qxe1 cxd5 15. Bb2 c6 16. g3 Qc7 17. Bg2 Bf5 18. Qd2 Re8 19. Rc1 Qa5 20. a4 Qc5 21. Ne2 Ne4 22. Qd4 Qe7 23. Nf4 Nf6 24. Kf1 c5 25. Qc3 d4 26. Qc4 Bxc2 27. Nd3 Qe2+ 28. Kg1 Bxd3 29. Bf1 0-1

[Event "Pan American-ch"]
[Site "Cartagena"]
[Date "2012.07.04"]
[Round "1"]
[White "Otero Fajardo, Alvaro Antonio"]
[Black "Mora, Carlos Eduardo"]
[Result "1-0"]
[WhiteElo "1794"]
[BlackElo "1562"]
[PlyCount "44"]
[EventDate "2012.07.04"]
[EventType "swiss"]
[EventRounds "9"]
[EventCountry "COL"]
[SourceTitle "CBM 149 Extra"]
[Source "ChessBase"]
[SourceDate "2012.08.24"]
[SourceVersion "1"]
[SourceVersionDate "2012.08.24"]
[SourceQuality "1"]

1. e4 c5 2. Nf3 d6 3. d4 cxd4 4. Nxd4 Nf6 5. Nc3 a6 6. Bd3 e6 7. 0-0 Be7 8. Kh1 b5 9. a3 Bb7 10. f4 Nbd7 11. f5 e5 12. Nb3 0-0 13. Be3 Rc8 14. Qf3 Ne8 15. Rad1 Bg5 16. Rfe1 g6 17. Na5 Ba8 18. Nd5 Bxd5 19. exd5 Qf6 20. c3 Ng7 21. Nc6 Rfe8 22. g4 Bh4 1-0